000 00277nam a2200109Ia 4500
008 200302s9999 xx 000 0 und d
100 _aAndrew Foyle
245 _aBristol : Pevsner Architectural Guides
260 _bYale University Press, London
260 _c2004
300 _a324
999 _c4588
_d4588